LIBRARY & INFORMATION CENTRE, KCAET, TAVANUR

ONLINE PUBLIC ACCESS CATALOGUE (OPAC)

Data compression book / (Record no. 9516)

MARC details
000 -LEADER
fixed length control field 00490cam a2200193ua 4500
020 ## - INTERNATIONAL STANDARD BOOK NUMBER
ISBN 81 7029 729 x
041 ## - LANGUAGE CODE
Language code of text/sound track or separate title eng
082 ## - DEWEY DECIMAL CLASSIFICATION NUMBER
Classification number 005.746
Item number NEL/DA
100 ## - MAIN ENTRY--AUTHOR NAME
Personal name Nelson, Mark .
245 ## - TITLE STATEMENT
Title Data compression book /
250 ## - EDITION STATEMENT
Edition statement 2 /
260 ## - PUBLICATION, DISTRIBUTION, ETC. (IMPRINT)
Place of publication New Delhi :
Name of publisher B P B Publishers ,
Year of publication 1996.
300 ## - PHYSICAL DESCRIPTION
Number of Pages 557 ; .
700 1# - ADDED ENTRY--PERSONAL NAME
Personal name Gailly, Jean-Houp .
942 ## - ADDED ENTRY ELEMENTS (KOHA)
Koha item type Books
Holdings
Withdrawn status Lost status Damaged status Home library Current library Date acquired Full call number Accession Number Koha item type
      KAUAET KAUAET 07/04/2012 005.746 20436 Books
free website counter